| 000 | 00946pam a2200277 i 4500 | ||
|---|---|---|---|
| 001 | 16055421 | ||
| 003 | EG-ScBUE | ||
| 005 | 20260121094755.0 | ||
| 008 | 100114s2009 enka f b 001 0 eng d | ||
| 020 | _a9780521745833 | ||
| 040 |
_aDLC _beng _erda _cDLC _dDLC _dEG-ScBUE |
||
| 082 | 0 | 4 |
_222 _a551.8 _bRAG |
| 100 | 1 |
_aRagan, Donal M., _eauthor. _911149 |
|
| 245 | 1 | 0 |
_aStructural geology : _ban introduction to geometrical techniques / _cDonal M. Ragan. |
| 250 | _aFourth edition. | ||
| 264 | 1 |
_aCambridge : _bCambridge University Press, _c2009. |
|
| 300 |
_axvii, 602 pages : _billustrations ; _c28 cm |
||
| 336 |
_2rdacontent _atext _btxt |
||
| 337 |
_aunmediated _2rdamedia _bn |
||
| 338 |
_avolume _bnc _2rdacarrier |
||
| 504 | _aIncludes bibliographical references and index. | ||
| 650 | 7 |
_aGeology, Structural. _2BUEsh _911150 |
|
| 655 | _vReading book | ||
| 942 |
_2ddc _cBB |
||
| 999 |
_c13329 _d13329 |
||